Statistics for Eurovision Quiz #2

Click here to take the quiz!

General Stats

  • This quiz has been taken 232 times
  • The average score is 8 of 15

Answer Stats

QuestionAnswer% Correct
Name one of the 4 winners from the 1969 Eurovision Song ContestSalomé, Lulu, Lenny Kuhr, or Frida Boccara
91%
Name of the host cities from the United Kingdom.London, Edinburgh, Brighton, Harrogate, or Birmingham
88%
2008 and 2011 tied with the most competing countries. How many countries competed?43
83%
Name one of the winners from Israel.Izhar Cohen and the Alphabeta, Gali Atari and Milk and Honey, or Dana International
80%
Of all the winning songs, how many of them were done in French?14
77%
How many sets of 12 points did Norway rechieve at the end of the 2009 Eurovision Song Contest Final?16
69%
When was the last time Monaco won the Eurovision Song Contest?1971
67%
Besides, Switzerland's win 1956, what other country won on their debuting year?Serbia (2007)
67%
Who is the most recent male solo winner?Alexander Rybak
64%
Who is the most successful country to not have won?Malta
62%
Name the country that achieved the most recent nil points in either the Semi-Finals or Grand Final.Czech Republic (2009 1st Semi-Final)
26%
Who is the only artist to compete in both Eurovision and Junior Eurovision?Nevena Božović
22%
Who sang the song, "Amsterdam"?Maggie MacNeal
20%
Norway holds the record for lowest total points to win Eurovision (only refers to the current 12 point voting system). What was the score?123 points
18%
Who was to represent Lebanon at the 2005 Eurovision Song Contest?Aline Lahoud
14%

Score Distribution

Percentile by Number Answered

Percent of People with Each Score

Your Score History

You have not taken this quiz